Los relatos de la infancia de Jesús

Saved in:
Bibliografiske detaljer
Hovedforfatter: Perrot, Charles (Author)
Format: Bog
Sprog:spansk
Udgivet: Pamplona Verbo Divino 1982
Udgivelse:3a. ed
Serier:Cuadernos Bíblicos, 18
Fag:
Tags: Tilføj Tag
Ingen Tags, Vær først til at tagge denne postø!

MARC

LEADER 00000nam a2200000 a 4500
001 UCL8282
003 CL-VaPUC
008 040618e19820000SP |||||||||||||||||spa|d
020 |a 8471512238 
082 0 4 |a 232.92  |b PER  |2 21 
100 0 |a Perrot, Charles  |e author  |9 486192 
245 1 4 |a Los relatos de la infancia de Jesús 
250 |a 3a. ed 
300 |a 72 p 
942 |c BK 
945 |d 20040618 00:00:00  |a cmena 
260 |a Pamplona  |b Verbo Divino  |c 1982 
600 0 |a Jesús  |9 313614 
650 0 |a Teología cristiana  |9 308336 
650 0 |a Evangelios  |9 314864 
650 0 |a Vida de Jesús  |9 478097 
650 0 |a Cristología   |9 315091 
583 |a last modification  |c 20130402 08:59:58  |k Rodrigo Vera 
490 0 |a Cuadernos Bíblicos, 18 
999 |c 309635  |d 309633 
952 |0 0  |1 0  |4 0  |6 232_920000000000000_PER_1982  |7 0  |8 A  |9 377263  |a BIBTEO  |b BIBTEO  |d 2019-11-21  |i 211772K  |o 232.92 PER 1982  |p 211772K  |r 2025-01-17  |w 2019-11-21  |y BK  |k ICR